000
00266nam a2200109Ia 4500
005
20251222143245.0
008
251222s9999||||xx |||||||||||||| ||spa||
082
_a
332.673.14/P87G
245
0
_a
Investment Guide in Perú 2005
264
_b
Proinversión
942
_c
LIB
999
_c
14736
_d
14736